<?xml version="1.0" encoding="UTF-8"?>
<record
    xmlns:xsi="http://www.w3.org/2001/XMLSchema-instance"
    xsi:schemaLocation="http://www.loc.gov/MARC21/slim http://www.loc.gov/standards/marcxml/schema/MARC21slim.xsd"
    xmlns="http://www.loc.gov/MARC21/slim">

  <leader>00479nam a22001697a 4500</leader>
  <datafield tag="999" ind1=" " ind2=" ">
    <subfield code="c">16860</subfield>
    <subfield code="d">16860</subfield>
  </datafield>
  <controlfield tag="008">180623b        xxu||||| |||| 00| 0 eng d</controlfield>
  <datafield tag="040" ind1=" " ind2=" ">
    <subfield code="a">KABU</subfield>
    <subfield code="c">KABU</subfield>
  </datafield>
  <datafield tag="050" ind1=" " ind2=" ">
    <subfield code="a">QA76.5</subfield>
    <subfield code="b">.W46 2014 c. 1</subfield>
  </datafield>
  <datafield tag="100" ind1=" " ind2=" ">
    <subfield code="a">Wempen, Faithe</subfield>
  </datafield>
  <datafield tag="245" ind1=" " ind2=" ">
    <subfield code="a">Computing fundamentals</subfield>
  </datafield>
  <datafield tag="250" ind1=" " ind2=" ">
    <subfield code="a">IC3 edition</subfield>
  </datafield>
  <datafield tag="260" ind1=" " ind2=" ">
    <subfield code="a">West Sussex, UK</subfield>
    <subfield code="b">John Wiley &amp; sons Ltd</subfield>
    <subfield code="c">2014</subfield>
  </datafield>
  <datafield tag="300" ind1=" " ind2=" ">
    <subfield code="a">xxx, 722 p.</subfield>
  </datafield>
  <datafield tag="650" ind1=" " ind2=" ">
    <subfield code="a">Microcomputers</subfield>
  </datafield>
  <datafield tag="650" ind1=" " ind2=" ">
    <subfield code="a">Computer science</subfield>
  </datafield>
  <datafield tag="942" ind1=" " ind2=" ">
    <subfield code="2">lcc</subfield>
    <subfield code="c">BK</subfield>
    <subfield code="e">IC3 edition</subfield>
    <subfield code="h">QA76.5</subfield>
  </datafield>
  <datafield tag="952" ind1=" " ind2=" ">
    <subfield code="0">0</subfield>
    <subfield code="1">0</subfield>
    <subfield code="2">lcc</subfield>
    <subfield code="7">0</subfield>
    <subfield code="a">KABU</subfield>
    <subfield code="b">KABU</subfield>
    <subfield code="c">GEN</subfield>
    <subfield code="d">2018-06-23</subfield>
    <subfield code="g">5725.00</subfield>
    <subfield code="l">7</subfield>
    <subfield code="o">QA76.5 .W46 2014 c. 1</subfield>
    <subfield code="p">025221</subfield>
    <subfield code="r">2025-12-08 08:42:34</subfield>
    <subfield code="s">2025-12-06</subfield>
    <subfield code="t">c. 1</subfield>
    <subfield code="w">2018-06-23</subfield>
    <subfield code="y">BK</subfield>
  </datafield>
  <datafield tag="952" ind1=" " ind2=" ">
    <subfield code="0">0</subfield>
    <subfield code="1">0</subfield>
    <subfield code="2">lcc</subfield>
    <subfield code="7">0</subfield>
    <subfield code="a">KABU</subfield>
    <subfield code="b">KABU</subfield>
    <subfield code="c">GEN</subfield>
    <subfield code="d">2018-06-23</subfield>
    <subfield code="g">5725.00</subfield>
    <subfield code="l">8</subfield>
    <subfield code="m">1</subfield>
    <subfield code="o">QA76.5 .W46 2014 c. 2</subfield>
    <subfield code="p">025220</subfield>
    <subfield code="r">2022-12-13 00:00:00</subfield>
    <subfield code="s">2022-11-23</subfield>
    <subfield code="t">c. 2</subfield>
    <subfield code="w">2018-06-23</subfield>
    <subfield code="y">BK</subfield>
  </datafield>
  <datafield tag="952" ind1=" " ind2=" ">
    <subfield code="0">0</subfield>
    <subfield code="1">0</subfield>
    <subfield code="2">lcc</subfield>
    <subfield code="7">0</subfield>
    <subfield code="a">KABU</subfield>
    <subfield code="b">KABU</subfield>
    <subfield code="c">GEN</subfield>
    <subfield code="d">2018-06-23</subfield>
    <subfield code="g">5725.00</subfield>
    <subfield code="l">7</subfield>
    <subfield code="o">QA76.5 .W46 2014 c. 3</subfield>
    <subfield code="p">025219</subfield>
    <subfield code="r">2023-02-15 00:00:00</subfield>
    <subfield code="s">2023-02-01</subfield>
    <subfield code="t">c. 3</subfield>
    <subfield code="w">2018-06-23</subfield>
    <subfield code="y">BK</subfield>
  </datafield>
  <datafield tag="952" ind1=" " ind2=" ">
    <subfield code="0">0</subfield>
    <subfield code="1">0</subfield>
    <subfield code="2">lcc</subfield>
    <subfield code="7">0</subfield>
    <subfield code="a">KABU</subfield>
    <subfield code="b">KABU</subfield>
    <subfield code="c">GEN</subfield>
    <subfield code="d">2018-06-23</subfield>
    <subfield code="g">5725.00</subfield>
    <subfield code="l">2</subfield>
    <subfield code="o">QA76.5 .W46 2014 c. 4</subfield>
    <subfield code="p">025218</subfield>
    <subfield code="r">2019-12-16 00:00:00</subfield>
    <subfield code="s">2019-12-02</subfield>
    <subfield code="t">c. 4</subfield>
    <subfield code="w">2018-06-23</subfield>
    <subfield code="y">BK</subfield>
  </datafield>
  <datafield tag="952" ind1=" " ind2=" ">
    <subfield code="0">0</subfield>
    <subfield code="1">0</subfield>
    <subfield code="2">lcc</subfield>
    <subfield code="7">0</subfield>
    <subfield code="a">KABU</subfield>
    <subfield code="b">KABU</subfield>
    <subfield code="c">GEN</subfield>
    <subfield code="d">2018-06-23</subfield>
    <subfield code="g">5725.00</subfield>
    <subfield code="l">8</subfield>
    <subfield code="m">1</subfield>
    <subfield code="o">QA76.5 .W46 2014 c. 5</subfield>
    <subfield code="p">025217</subfield>
    <subfield code="r">2023-09-25 00:00:00</subfield>
    <subfield code="s">2023-09-13</subfield>
    <subfield code="t">c. 5</subfield>
    <subfield code="w">2018-06-23</subfield>
    <subfield code="y">BK</subfield>
  </datafield>
</record>
